000 00257nam a2200109 a 4500
005 20140414131957.0
008 110209s19uu xx 00 eng d
050 _aTR 551.55
_bSw3 2006
100 _aSweeney, Alyse
245 _aHurricanes!.
999 _c112949
_d112949